Vplyv čistej kultúry Saccharomyces cerevisiae na primárnu arómu vína bakalárska práca

Gespeichert in:
Bibliographische Detailangaben
1. Verfasser: Dallos, Adrienn
Format: Buch
Sprache:Slowakisch
Veröffentlicht: Bratislava STU FCHPT 2017
Online-Zugang:Im OPAC anzeigen
Tags: Tag hinzufügen
Keine Tags, Fügen Sie das erste Tag hinzu!

MARC

LEADER 00000nam a2200000 a 4500
005 20260127134344.0
008 171024 2017 xo 001 0 slo d
035 |a vtls011717064 
039 9 |y 201710241056  |z mschk03 
040 |a STUSCHK1  |b slo  |c STUSCHK1  |e AACR2 
100 1 |a Dallos, Adrienn 
245 1 |a Vplyv čistej kultúry Saccharomyces cerevisiae na primárnu arómu vína  |b bakalárska práca  |c Adrienn Dallos 
260 |a Bratislava  |b STU FCHPT  |c 2017 
300 |a 55 s.  |b il.  |c 25 cm 
500 |a Študijný program: biotechnológia a potravinárska technológia 
500 |a Študijný odbor: biotechnológie 
500 |a Školiace pracovisko: Ústav biotechnológie 
500 |a Evid. číslo: FCHPT-13567-76131 
910 |a SCHK95 
999 |c 10657  |d 10657